| 000 | 00649nam a2200277Ia 4500 | ||
|---|---|---|---|
| 008 | 210210b2013 xxu||||| |||| 00| 0 eng d | ||
| 020 | _a8179304752 | ||
| 041 | _aeng | ||
| 082 | _a519.5 NAIS | ||
| 100 | _aNAIR (S Manikantan) | ||
| 245 | _aStatistical analysis: graphs and diagrams Rev Ed 20 | ||
| 250 | _a | ||
| 260 |
_aNew Delhi _bSpectrum Publishing House _c2013 |
||
| 300 | _aviii,531 | ||
| 650 | _aStatistical | ||
| 650 | _aRev | ||
| 650 | _agraphs | ||
| 650 | _aEd | ||
| 650 | _adiagrams | ||
| 650 | _aand | ||
| 650 | _aanalysis: | ||
| 650 | _a20 | ||
| 690 | _aStatistics | ||
| 700 | _aGARG (Manjula) | ||
| 906 | _a068451 | ||
| 999 |
_c152562 _d152562 |
||